Т. 70, № 4; Журнал аналитической химии

מידע ביבליוגרפי
Parent link:Журнал аналитической химии/ Российская академия наук (РАН), Отделение химии и наук о материалах РАН. Т. 70, № 4.— , 1947-
שפה:רוסית
יצא לאור: 2015
פורמט: ספר
KOHA link:https://koha.lib.tpu.ru/cgi-bin/koha/opac-detail.pl?biblionumber=544705

MARC

LEADER 00000nam2a2200000 4500
001 544705
005 20231101115517.0
035 |a (RuTPU)RU\TPU\prd\236502 
090 |a 544705 
100 |a 20150515a19469999k y0rusy50 ca 
101 0 |a rus 
102 |a RU 
200 0 |a Т. 70, № 4 
210 |d 2015 
461 1 |0 (RuTPU)RU\TPU\prd\156  |t Журнал аналитической химии  |f Российская академия наук (РАН), Отделение химии и наук о материалах РАН  |v Т. 70, № 4  |d 1947- 
801 0 |a RU  |b 63413507  |c 20010227  |g PSBO 
801 1 |a RU  |b 63413507  |c 20150515 
801 2 |a RU  |b 63413507  |c 20230410  |g RCR 
942 |c BK 
999 |a НТБ_ТПУ  |b НФ  |e -1/20150112  |p П-5458  |s 6/20141120  |u 0,00  |v 1